| 000 | 00657nam a22002297a 4500 | ||
|---|---|---|---|
| 003 | OSt | ||
| 005 | 20210426121022.0 | ||
| 008 | 210203s1991 ||||| |||| 00| 0 eng d | ||
| 020 | _a0883639742 | ||
| 040 |
_aeng _beng _cDLC |
||
| 041 | _aeng | ||
| 080 |
_a7 _bC-23 |
||
| 100 |
_9767 _aCarmichael, G. Ann _eEditor |
||
| 245 |
_aMedicine: A Treasury of Art and Literature _c/ by: Hugh Lauter Levin Associates Inc |
||
| 260 |
_aNew York _bHugh Lauter Levin Associates Inc _c1991 |
||
| 300 |
_a376 p. _bill. |
||
| 365 | _b75 usd | ||
| 650 | 0 |
_9447 _aArt |
|
| 653 | _aხელოვნება | ||
| 700 |
_9768 _aRatzan, M. Richard _eEditor |
||
| 942 |
_2udc _cBK |
||
| 999 |
_c1159 _d1159 |
||